Wszystkie Brytyjskie terytoria zależne - Statystyki

Ogólne statystyki
  • Ten quiz został rozwiązany 18 razy
  • Średni wynik to 5 z 20
Statystyki odpowiedzi
Kontynent Terytorium % Poprawnych
Europa Gibraltar
70%
Europa Wyspa Man / Man
70%
Europa Jersey
60%
Europa Guernsey
50%
? (Ocean Atlantycki) Bermudy
40%
Antarktyda Brytyjskie Terytorium Antarktyczne
30%
? (Ocean Atlantycki) Falklandy
30%
Ameryka Północna Anguilla
20%
Ameryka Północna Kajmany
20%
? (Ocean Spokojny) Pitcairn
20%
? (Ocean Indyjski) Brytyjskie Terytorium Oceanu Indyjskiego
10%
Ameryka Północna Brytyjskie Wyspy Dziewicze
10%
Ameryka Północna Montserrat
10%
? (Ocean Atlantycki) Tristan da Cunha
10%
Ameryka Północna Turks i Caicos
10%
? (Ocean Atlantycki) Wyspa Świętej Heleny
10%
Azja Akrotiri
0%
Azja Dhekelia
0%
? (Ocean Atlantycki) Georgia Południowa i Sandwich Południowy
0%
? (Ocean Atlantycki) Wyspa Wniebowstąpienia
0%
Nie znaleziono quizów pasujących do podanych kryteriów
Rozkład punktacji
Procent ludzi z każdym wynikiem
Percentyl według liczby udzielonych odpowiedzi
Twoja historia wyników
Nie rozwiązałeś tego quizu